[Event "Hamburg Junge op"]
[Site "Hamburg"]
[Date "2005.10.02"]
[Round "2"]
[White "Emami, Madjid"]
[Black "Sternberg, Pavel"]
[Result "0-1"]
[WhiteElo "2074"]
[BlackElo "2071"]
[PlyCount "82"]
[EventDate "2005.10.01"]
[EventType "swiss"]
[EventRounds "9"]
[EventCountry "GER"]
[SourceTitle "CBM 108 Extra"]
[Source "ChessBase"]
[SourceDate "2005.11.04"]
[SourceVersion "1"]
[SourceVersionDate "2005.11.04"]
[SourceQuality "1"]

1. Nf3 d5 2. g3 Bg4 3. Bg2 e6 4. d3 Bd6 5. Nbd2 f5 6. 0-0 Nd7 7. Qe1 Qf6 8. Rb1 Ne7 9. c4 c6 10. b4 g5 11. b5 f4 12. bxc6 bxc6 13. Nb3 h5 14. cxd5 cxd5 15. e4 dxe4 16. dxe4 e5 17. Qa5 h4 18. gxf4 h3 19. Bh1 gxf4 20. Rd1 Kf7 21. Kf1 Rhd8 22. Ba3 Bxa3 23. Qxa3 Qc6 24. Rbc1 Qb5+ 25. Ke1 Rg8 26. Nbd2 Be6 27. Rb1 Qc5 28. Qxc5 Nxc5 29. Nxe5+ Kf6 30. Ndc4 Rg5 31. Rbc1 Rc8 32. Nf3 Rgg8 33. e5+ Kg7 34. Ke2 Na4 35. Nfd2 Nf5 36. Rg1+ Kh6 37. Rxg8 Bxg8 38. Be4 Nd4+ 39. Kd1 Nb5 40. Nd6 Nb2+ 41. Ke2 Nd4+ 0-1